Impact of disparate storage conditions on Direct Reduced Iron at Tuwairqi Steel Mills / (Record no. 535652)

000 -LEADER
fixed length control field 00490nam a22001337a 4500
100 ## - MAIN ENTRY--PERSONAL NAME
Personal name Ali, Waqas
245 ## - TITLE STATEMENT
Title Impact of disparate storage conditions on Direct Reduced Iron at Tuwairqi Steel Mills /
Statement of responsibility, etc. Waqas Ali.
260 ## - PUBLICATION, DISTRIBUTION, ETC.
Place of publication, distribution, etc. Islamabad :
Name of publisher, distributor, etc. PNEC - NUST,
Date of publication, distribution, etc. 2015.
300 ## - PHYSICAL DESCRIPTION
Extent 85 p. : ill. ;
Dimensions 30cm.
942 ## - ADDED ENTRY ELEMENTS (KOHA)
Source of classification or shelving scheme
Koha item type Thesis
650 ## - SUBJECT ADDED ENTRY--TOPICAL TERM
Topical term or geographic name entry element Manufacturing Engineering & Management - MS Theses.
700 ## - ADDED ENTRY--PERSONAL NAME
Personal name Dr. Sohaib Zia Khan
650 ## - SUBJECT ADDED ENTRY--TOPICAL TERM
-- 30380
700 ## - ADDED ENTRY--PERSONAL NAME
-- 29841
Holdings
Withdrawn status Lost status Source of classification or shelving scheme Damaged status Not for loan Permanent Location Current Location Shelving location Date acquired Full call number Barcode Date last seen Price effective from Non-public note Koha item type
          Central Library (CL) Central Library (CL) Thesis 09/21/2020 670.5 CL-T-6000 09/21/2020 09/21/2020 Minute Sheet No. 0929/02/CL/Survey/5 dated 23rd April 2024 E-MIN ID 114741 Thesis
© 2023 Central Library, National University of Sciences and Technology. All Rights Reserved.